|
|
|
|
| LEADER |
01426nam a2200361 a 4500 |
| 001 |
28613 |
| 003 |
BD-DhAAL |
| 005 |
20141126143835.0 |
| 008 |
141126s1990 enka b 001 0 eng |
| 010 |
|
|
|a 89023858
|
| 020 |
|
|
|a 0192814419 (pbk.)
|
| 020 |
|
|
|a 0198129017
|
| 040 |
|
|
|a DLC
|c DLC
|d DLC
|d BD-DhAAL
|
| 050 |
0 |
0 |
|a PR2823.A2
|b B76 1990
|
| 082 |
0 |
0 |
|a 822.3/3
|2 20
|
| 100 |
1 |
|
|a Shakespeare, William,
|d 1564-1616.
|9 6248
|
| 240 |
1 |
0 |
|a Macbeth
|
| 245 |
1 |
4 |
|a The tragedy of Macbeth /
|c edited by Nicholas Brooke.
|
| 260 |
|
|
|a Oxford ;
|a New York :
|b Oxford University Press,
|c 1990.
|
| 300 |
|
|
|a xii, 249 p. :
|b ill. ;
|c 20 cm.
|
| 490 |
1 |
|
|a The Oxford Shakespeare
|
| 500 |
|
|
|a Cover title: Macbeth.
|
| 504 |
|
|
|a Includes bibliographical references and index.
|
| 541 |
|
|
|e 28613
|
| 600 |
0 |
0 |
|a Macbeth,
|c King of Scotland,
|d active 11th century
|x Drama.
|9 6249
|
| 655 |
|
7 |
|a Tragedies.
|2 gsafd
|9 6238
|
| 700 |
1 |
|
|a Brooke, Nicholas.
|9 6250
|
| 740 |
0 |
|
|a Macbeth.
|
| 800 |
1 |
|
|a Shakespeare, William,
|d 1564-1616.
|t Works.
|f 1982.
|9 6251
|
| 856 |
4 |
2 |
|3 Publisher description
|u http://www.loc.gov/catdir/enhancements/fy0635/89023858-d.html
|
| 942 |
|
|
|2 ddc
|c BK
|
| 999 |
|
|
|c 33135
|d 33135
|
| 952 |
|
|
|0 0
|1 0
|2 ddc
|4 0
|6 822_330000000000000_SHA
|7 0
|9 44234
|a BRACUL
|b BRACUL
|c GEN
|d 2014-11-26
|e BRAC Institute of Language (BIL)
|l 3
|m 12
|o 822.33 SHA
|p 3010028613
|r 2025-09-16
|s 2025-09-10
|t 1
|w 2014-11-26
|y BK
|x Transferred from BIL to BRACUL on 06/06/22
|